000 00983nam a22002777a 4500
001 BR6004661
003 BR-BrBNA
005 20230928083214.0
007 ta
008 230509b bl.||||| |||| 00| 0 por d
040 _aBR-BrBNA
_bpor
_cBiblioteca Nacional de Agricultura
041 _a(Por)
072 _aL30; F25
_b1930
_b3820
_b/G514
090 _ 1930 BR6004661
100 1 _aMaraschin, G.E.
110 1 _aUniversidade Federal do Rio Grande do Sul, Porto Alegre (Brasil). Faculdade de Agronomia e Veterinaria
_0Tese (Magister Scientiae)
_911161
245 1 _aEfeito da adubacao nitrogenada e das frequencias de corte no manejo inicial de Phalaris tuberosa L. [Graminea forrageira; Brasil]
260 3 _aPorto Alegre, RS (Brasil):
_c1969.
300 _a89 p.
500 _a46 ref.; Summary (Por); Microficha
650 _aNutricao animal
650 _aFertilizante nitrogenado
650 _aGraminea forrageira
909 _a202309
_bLucia
_c55
_dLucia Elande
942 _cBK
999 _c12138
_d12138